| 000 | 00892nam a22002897a 4500 | ||
|---|---|---|---|
| 001 | BR7705237 | ||
| 003 | BR-BrBNA | ||
| 005 | 20230928085432.0 | ||
| 007 | ta | ||
| 008 | 230509b bl.||||| |||| 00| 0 por d | ||
| 040 |
_aBR-BrBNA _bpor _cBiblioteca Nacional de Agricultura |
||
| 041 | _a(Por) | ||
| 072 |
_aN20 _b4500 |
||
| 090 | _ 4500 BR7705237 | ||
| 100 | 1 | _aGuedes, W.B. | |
| 110 | 1 |
_aPrograma Nacional de Melhoramento da Cana-de-Acucar, Carpina, PE (Brasil). Coordenadoria Regional Norte _98024 |
|
| 245 | 1 | _aFatores a considerar na selecao de equipamentos para uso agricola | |
| 260 | 3 |
_aCarpina, PE (Brasil): _c[nd]. |
|
| 300 | _a11 p. | ||
| 500 | _a7 ref.; Published after 1976? | ||
| 650 | _aEQUIPAMENTO RURAL | ||
| 650 | _aMAQUINA AGRICOLA | ||
| 650 | _aIMPLEMENTO AGRICOLA | ||
| 650 | _aMECANIZACAO AGRICOLA | ||
| 909 |
_a202309 _bLucia _c55 _dLucia Elande |
||
| 942 | _cBK | ||
| 999 |
_c24411 _d24411 |
||